10 największych miast we Szwecji - Statystyki

Ogólne statystyki
  • Ten quiz został rozwiązany 83 razy
  • Średni wynik to 6 z 10
Statystyki odpowiedzi
Ludność Miasto % Poprawnych
1 372 565 Sztokholm
100%
549 839 Göteborg
89%
280 415 Malmö
87%
140 454 Uppsala
60%
104 232 Linköping
42%
89 396 Jönköping
40%
107 038 Örebro
39%
87 247 Norrköping
35%
97 122 Helsingborg
32%
110 877 Västerås
32%
Nie znaleziono quizów pasujących do podanych kryteriów
Rozkład punktacji
Procent ludzi z każdym wynikiem
Percentyl według liczby udzielonych odpowiedzi
Twoja historia wyników
Nie rozwiązałeś tego quizu